[Event "Frankfurt-chA"]
[Site "Frankfurt"]
[Date "2014.06.02"]
[Round "6"]
[White "Knott, Tilo"]
[Black "Kropp, Volker"]
[Result "1/2-1/2"]
[WhiteElo "1571"]
[BlackElo "1892"]
[PlyCount "57"]
[EventDate "2014.04.28"]
[EventType "swiss"]
[EventRounds "7"]
[EventCountry "GER"]
[SourceTitle "EXT 2015"]
[Source "ChessBase"]
[SourceDate "2014.11.20"]
[SourceVersion "1"]
[SourceVersionDate "2014.11.20"]
[SourceQuality "1"]

1. d4 Nf6 2. Nc3 g6 3. Nf3 Bg7 4. e4 d6 5. Bd3 0-0 6. 0-0 Bg4 7. h3 Bxf3 8. Qxf3 Nc6 9. Ne2 e5 10. d5 Nb4 11. Bg5 h6 12. Bd2 Nxd3 13. Qxd3 Nd7 14. b4 f5 15. f3 f4 16. c4 b6 17. a3 Bf6 18. Be1 Bh4 19. Qd2 a5 20. Bxh4 Qxh4 21. Qe1 Qh5 22. Kh2 g5 23. g4 Qg6 24. h4 Nf6 25. h5 Nxg4+ 26. fxg4 Qxe4 27. Nc3 Qxc4 28. Qe4 Qxc3 29. Qg6+ 1/2-1/2

[Event "Frankfurt-chA"]
[Site "Frankfurt"]
[Date "2014.04.28"]
[Round "1"]
[White "Seickel, Ralf"]
[Black "Knott, Tilo"]
[Result "1-0"]
[WhiteElo "1905"]
[BlackElo "1571"]
[PlyCount "26"]
[EventDate "2014.04.28"]
[EventType "swiss"]
[EventRounds "7"]
[EventCountry "GER"]
[SourceTitle "EXT 2015"]
[Source "ChessBase"]
[SourceDate "2014.11.20"]
[SourceVersion "1"]
[SourceVersionDate "2014.11.20"]
[SourceQuality "1"]

1. c4 e5 2. g3 Nc6 3. Bg2 Nf6 4. Nc3 Bc5 5. d3 Ng4 6. e3 d6 7. h3 Nf6 8. Nge2 0-0 9. 0-0 Be6 10. d4 exd4 11. exd4 Qc8 12. Kh2 Bxc4 13. dxc5 dxc5 1-0

[Event "Frankfurt-ch"]
[Site "Frankfurt"]
[Date "2011.06.06"]
[Round "6"]
[White "Knott, Tilo"]
[Black "Krueger, Till"]
[Result "0-1"]
[WhiteElo "1523"]
[BlackElo "2063"]
[PlyCount "42"]
[EventDate "2011.05.02"]
[EventType "swiss"]
[EventRounds "7"]
[EventCountry "GER"]
[SourceTitle "EXT 2012"]
[Source "ChessBase"]
[SourceDate "2011.11.24"]
[SourceVersion "1"]
[SourceVersionDate "2011.11.24"]
[SourceQuality "1"]

1. d4 Nf6 2. Nc3 g6 3. Nf3 d5 4. Bg5 Bg7 5. e3 Nc6 6. Bd3 h6 7. Bf4 Nh5 8. Be5 Nxe5 9. Nxe5 Nf6 10. 0-0 0-0 11. Ne2 Ng4 12. Nf3 e5 13. dxe5 Nxe5 14. Nfd4 c5 15. f4 Nxd3 16. Qxd3 cxd4 17. exd4 Bf5 18. Qd2 Re8 19. c3 Qd7 20. Ng3 Be4 21. Rae1 f5 0-1

[Event "Frankfurt-ch"]
[Site "Frankfurt"]
[Date "2011.05.09"]
[Round "2"]
[White "Neumann, Manfred"]
[Black "Knott, Tilo"]
[Result "1/2-1/2"]
[WhiteElo "1768"]
[BlackElo "1523"]
[PlyCount "104"]
[EventDate "2011.05.02"]
[EventType "swiss"]
[EventRounds "7"]
[EventCountry "GER"]
[SourceTitle "EXT 2012"]
[Source "ChessBase"]
[SourceDate "2011.11.24"]
[SourceVersion "1"]
[SourceVersionDate "2011.11.24"]
[SourceQuality "1"]

1. e4 b6 2. d4 Bb7 3. Bd3 Nf6 4. Qe2 e6 5. Nf3 Be7 6. 0-0 d6 7. e5 Nfd7 8. a3 c5 9. dxc5 Nxc5 10. Bb5+ Nc6 11. b4 Nd7 12. Rd1 Qc7 13. exd6 Bxd6 14. Bb2 0-0-0 15. Nbd2 Nce5 16. Ba6 Kb8 17. Bxb7 Kxb7 18. c4 Ng6 19. Rac1 Be5 20. Nxe5 Ndxe5 21. Nf3 Rxd1+ 22. Rxd1 Nxc4 23. Qe4+ Kb8 24. Bxg7 Rg8 25. Bf6 Nd6 26. Qd4 Rc8 27. g3 Nb5 28. Qd3 Nc3 29. Re1 Nd5 30. Bg5 Qc3 31. Rd1 f6 32. Bh6 Qxd3 33. Rxd3 Rc3 34. Rxc3 Nxc3 35. Bg7 Nd5 36. Kf1 Kc7 37. Ke2 Kd6 38. Kd3 e5 39. Nd2 b5 40. Ne4+ Ke6 41. Bh6 Nge7 42. Bc1 Nc6 43. Bb2 h5 44. f3 Nc7 45. g4 hxg4 46. fxg4 f5 47. Nc5+ Kf6 48. gxf5 Kxf5 49. Ke3 Nd5+ 50. Kf3 Nf6 51. h4 e4+ 52. Ke2 Ne5 1/2-1/2

[Event "Frankfurt-ch"]
[Site "Frankfurt"]
[Date "2010.05.17"]
[Round "4"]
[White "Barisch, Florian"]
[Black "Knott, Tilo"]
[Result "1/2-1/2"]
[WhiteElo "1932"]
[BlackElo "1484"]
[PlyCount "50"]
[EventDate "2010.04.26"]
[EventType "swiss"]
[EventRounds "7"]
[EventCountry "GER"]
[SourceTitle "EXT 2011"]
[Source "ChessBase"]
[SourceDate "2010.11.26"]
[SourceVersion "1"]
[SourceVersionDate "2010.11.26"]
[SourceQuality "1"]

1. d4 f5 2. Bg5 g6 3. Nc3 Bg7 4. e4 d6 5. Bd3 fxe4 6. Nxe4 Nd7 7. c3 Ngf6 8. Qb3 d5 9. Nd2 0-0 10. Ngf3 c6 11. 0-0-0 Qc7 12. Rde1 Re8 13. Bh4 Qb6 14. Qc2 c5 15. Qd1 Qa5 16. Kb1 c4 17. Bc2 b5 18. Ka1 b4 19. cxb4 Qxb4 20. Bg3 c3 21. bxc3 Qxc3+ 22. Kb1 Ba6 23. Nb3 Rac8 24. Qd2 Qc6 25. Rc1 Bc4 1/2-1/2

[Event "Frankfurt-ch"]
[Site "Frankfurt"]
[Date "2009.06.22"]
[Round "6"]
[White "Fischler, Paul"]
[Black "Knott, Tilo"]
[Result "0-1"]
[WhiteElo "1009"]
[BlackElo "1498"]
[PlyCount "76"]
[EventDate "2009.04.27"]
[EventType "tourn"]
[EventRounds "7"]
[EventCountry "GER"]
[SourceTitle "EXT 2010"]
[Source "ChessBase"]
[SourceDate "2010.11.25"]
[SourceVersion "1"]
[SourceVersionDate "2010.11.25"]
[SourceQuality "1"]

1. e4 d5 2. exd5 Qxd5 3. c4 Qa5 4. Nc3 c6 5. d3 Nf6 6. h3 Bf5 7. Be2 e6 8. a3 Nbd7 9. Bd2 Qc7 10. d4 b6 11. b4 Be7 12. Qb3 0-0 13. Nf3 Rfd8 14. 0-0 Nf8 15. Be3 h6 16. Rfd1 Bd6 17. Kh1 Ng6 18. Bd3 Bxd3 19. Rxd3 Rd7 20. Ne2 Rad8 21. Rad1 Ne4 22. c5 Bf4 23. cxb6 axb6 24. Ne5 Bxe5 25. dxe5 Nxe5 26. Rd4 Rxd4 27. Nxd4 Ng6 28. Nxe6 Rxd1+ 29. Qxd1 fxe6 30. Qd3 Qe5 31. Qd8+ Kh7 32. Bd4 Qg5 33. Qxb6 Nh4 34. g4 Qc1+ 35. Kh2 Qf4+ 36. Kg1 Nf3+ 37. Kg2 Ned2 38. Be3 Qh2# 0-1

[Event "Frankfurt-ch"]
[Site "Frankfurt"]
[Date "2009.05.04"]
[Round "2"]
[White "Plattner, Rolf"]
[Black "Knott, Tilo"]
[Result "1-0"]
[WhiteElo "1932"]
[BlackElo "1498"]
[PlyCount "125"]
[EventDate "2009.04.27"]
[EventType "tourn"]
[EventRounds "7"]
[EventCountry "GER"]
[SourceTitle "EXT 2010"]
[Source "ChessBase"]
[SourceDate "2010.11.25"]
[SourceVersion "1"]
[SourceVersionDate "2010.11.25"]
[SourceQuality "1"]

1. Nf3 d6 2. d4 f5 3. c4 g6 4. g3 Bg7 5. Bg2 Nh6 6. 0-0 0-0 7. Qb3 c6 8. Nc3 Nf7 9. d5 c5 10. Be3 b6 11. Rad1 Re8 12. Ng5 Nxg5 13. Bxg5 h6 14. Bd2 Nd7 15. Qc2 Nf6 16. Rfe1 Rb8 17. e3 e5 18. dxe6 Bxe6 19. Ne2 Qc7 20. Nf4 Bf7 21. Bc3 Rbd8 22. Bxf6 Bxf6 23. Nd5 Bxd5 24. Bxd5+ Kh7 25. h4 h5 26. Rd3 Be5 27. Red1 Bg7 28. R1d2 Re5 29. Qd1 Bf8 30. Qf3 Qe7 31. Qd1 Qf6 32. Qa4 Qe7 33. Qa3 Qc7 34. b3 Rde8 35. Qb2 Bg7 36. Qc2 Bf8 37. Bf3 R5e6 38. Qd1 Kh6 39. Re2 Qe7 40. Qd2 Kh7 41. Bd5 Rf6 42. Rc3 Bg7 43. Rc2 a5 44. Qd3 Bf8 45. a3 Qe5 46. Kg2 Bg7 47. b4 axb4 48. axb4 Rb8 49. b5 Rff8 50. Ra2 Rfe8 51. Ra6 Bf6 52. Bf3 Qe7 53. Rea2 Qd8 54. Ra7+ Re7 55. Bxh5 Rbb7 56. Rxb7 Rxb7 57. Bf3 Rc7 58. Ra8 Qe7 59. h5 Ra7 60. Rxa7 Qxa7 61. Qxd6 Kg7 62. h6+ Kf7 63. Bd5+ 1-0

[Event "Frankfurt-ch"]
[Site "Frankfurt"]
[Date "2008.05.19"]
[Round "3"]
[White "Fischer, Ulrich"]
[Black "Knott, Tilo"]
[Result "1-0"]
[WhiteElo "1256"]
[BlackElo "1510"]
[PlyCount "111"]
[EventDate "2008.04.28"]
[EventType "swiss"]
[EventRounds "7"]
[EventCountry "GER"]
[SourceTitle "EXT 2009"]
[Source "ChessBase"]
[SourceDate "2008.11.26"]
[SourceVersion "1"]
[SourceVersionDate "2008.11.26"]
[SourceQuality "1"]

1. e4 d5 2. exd5 Qxd5 3. Nc3 Qa5 4. d4 c6 5. Bd2 Qc7 6. Bc4 Nf6 7. Qe2 Bf5 8. 0-0-0 Nbd7 9. Nf3 Bg4 10. h3 Bh5 11. g4 Bg6 12. Nh4 e6 13. Nxg6 hxg6 14. g5 Nh5 15. d5 0-0-0 16. dxc6 Qxc6 17. Nb5 Bc5 18. Be3 Qe4 19. Bxc5 Qxe2 20. Bxe2 Nxc5 21. Nd6+ Kc7 22. Nxf7 Rxd1+ 23. Rxd1 Rf8 24. Bxh5 gxh5 25. g6 Ne4 26. Rd4 Nf6 27. Kd2 Re8 28. Rc4+ Kd7 29. Ra4 a6 30. Rb4 b5 31. Rd4+ Ke7 32. f3 Nd7 33. Rd6 Nf8 34. Rxa6 Nxg6 35. Ng5 Kf6 36. Ne4+ Ke5 37. Rb6 Rd8+ 38. Ke3 Rd5 39. Nc3 Rc5 40. Rxb5 Rxb5 41. Nxb5 Ne7 42. a4 Nd5+ 43. Kd3 Kf4 44. c4 Nb4+ 45. Kc3 Nc6 46. b4 Kxf3 47. Nd4+ Nxd4 48. Kxd4 Kf4 49. b5 e5+ 50. Kd3 Kf3 51. b6 e4+ 52. Kc2 Kf2 53. b7 e3 54. b8Q e2 55. Qf4+ Kg1 56. Qe3+ 1-0

[Event "Frankfurt-ch"]
[Site "Frankfurt"]
[Date "2007.06.18"]
[Round "7"]
[White "Knott, Tilo"]
[Black "Schirmer, Karl Heinz"]
[Result "0-1"]
[WhiteElo "1480"]
[BlackElo "1759"]
[PlyCount "68"]
[EventDate "2007.04.30"]
[EventType "swiss"]
[EventRounds "7"]
[EventCountry "GER"]
[SourceTitle "EXT 2008"]
[Source "ChessBase"]
[SourceDate "2007.11.25"]
[SourceVersion "1"]
[SourceVersionDate "2007.11.25"]
[SourceQuality "1"]

1. d4 e6 2. Nc3 d5 3. Nf3 c5 4. Bf4 Bd6 5. Bxd6 Qxd6 6. dxc5 Qxc5 7. e3 Nf6 8. Bd3 0-0 9. 0-0 Nc6 10. Nd4 e5 11. Nb3 Qe7 12. e4 d4 13. Ne2 Be6 14. Ng3 g6 15. f4 Ng4 16. Qd2 Qh4 17. h3 Ne3 18. Rf3 Bxb3 19. axb3 exf4 20. Nf1 Ne5 21. Rf2 Rfd8 22. Nh2 a6 23. Qa5 b5 24. Qc7 Qg5 25. h4 Qf6 26. g3 f3 27. Be2 Rac8 28. Qb7 Rxc2 29. Rxa6 Qxa6 30. Qxa6 fxe2 31. Rxe2 Rxe2 32. Qxb5 Rg2+ 33. Kh1 Ra8 34. Nf1 Nf3 0-1

[Event "Frankfurt-ch"]
[Site "Frankfurt"]
[Date "2007.06.04"]
[Round "5"]
[White "Knott, Tilo"]
[Black "Ebertz, Michael"]
[Result "1/2-1/2"]
[WhiteElo "1480"]
[BlackElo "1645"]
[PlyCount "63"]
[EventDate "2007.04.30"]
[EventType "swiss"]
[EventRounds "7"]
[EventCountry "GER"]
[SourceTitle "EXT 2008"]
[Source "ChessBase"]
[SourceDate "2007.11.25"]
[SourceVersion "1"]
[SourceVersionDate "2007.11.25"]
[SourceQuality "1"]

1. d4 Nf6 2. Nc3 d5 3. Bg5 Bf5 4. Nf3 Nbd7 5. e3 Ne4 6. Bd3 Nxc3 7. bxc3 Bg6 8. 0-0 Bh5 9. Rb1 f6 10. Bf4 e5 11. dxe5 fxe5 12. Bg5 Bxf3 13. Bxd8 Bxd1 14. Bxc7 Bg4 15. Rxb7 a6 16. Rfb1 e4 17. Bf1 Bc5 18. c4 d4 19. exd4 Bxd4 20. Bd6 e3 21. fxe3 Bxe3+ 22. Kh1 Bc5 23. Re1+ Kd8 24. Bxc5 Nxc5 25. Rxg7 Be6 26. Bd3 h6 27. Re5 Rc8 28. h3 h5 29. Bf5 Bxf5 30. Rxf5 h4 31. Rd5+ Ke8 32. Re5+ 1/2-1/2